000 00808cam a2200193 i 4500
005 20251217093845.0
008 250721r9999 ua gr 000 0 ara d
082 1 4 _a216.933
_bن و ف
100 1 _aنوفل، يوسف يونس
_eمؤلف.
245 1 2 _aالبيئة الإعلامية مسرحية عالمية غايتها إسلامية /
_cتاليف يوسف يونس نوفل.
250 _aالطبعة الاولى.
264 3 1 _aالمنصورة :
_bمكتبة جزيرة الورد،
_c[بين 2000-2005].
300 _a80 صفحة.
490 0 _aدائرة معارف بيئتنا الحضارية سفينتناالربانية نحو فقه بيئي إسلامي معاصر؛
650 1 7 _aالإعلام.
650 1 7 _aالإسلامي.
942 _2ddc
_cBK
999 _c92389
_d92389